| 000 | 00751cac a2200241 a 4500 | ||
|---|---|---|---|
| 003 | CO-PeBPM | ||
| 005 | 20251021111634.0 | ||
| 008 | 231129e1997||||xx |||||||||||||| ||spa|| | ||
| 020 | _a9586017206 | ||
| 040 | 0 |
_aCO-PeBPM _bspa _cCO-PeBPM _erda |
|
| 041 | 0 | _aspa | |
| 082 | 0 | 4 | _a302.2 P962 |
| 100 | 1 |
_abarbero, J.Marín _eautor |
|
| 245 | 1 | 0 |
_aProyectar la comunicación _cJ. Martín Barbero |
| 250 | _aPrimer edición | ||
| 260 |
_aColombia _bTercer Mundo Editores _c1997 |
||
| 300 |
_a386 Páginas _c; 23 Centímetros |
||
| 490 | _aComunicacón social | ||
| 500 | _aIncluye Índice | ||
| 650 | 1 | 4 |
_aComunicación -- Aspectos sociales _2LEMB |
| 650 | 1 | 4 |
_aTeoría de la información _2LEMB |
| 942 |
_2ddc _cBK |
||
| 999 |
_c23410 _d23410 |
||